Eksport zakończony — 

Giáo trình nghe, nói tiếng Hoa

Zapisane w:
Opis bibliograficzny
Format: Książka
Wydane: 2004
Etykiety: Dodaj etykietę
Nie ma etykietki, Dołącz pierwszą etykiete!
Thư viện lưu trữ: Mạng thư viện Đại học Đà Nẵng
LEADER 00467nam a22001811a 4500
001 000036739
003 13034
005 20160412014920.0
008 160412s2004 000
082 |a 4H(07)94-97 
245 |a Giáo trình nghe, nói tiếng Hoa  |c Học viện ngôn ngữ Bắc Kinh 
260 |c 2004 
OWN |a LNN 
999 |a From the UDN01 
TYP |a Monograph 
980 |a Mạng thư viện Đại học Đà Nẵng